Catalysis and automotive pollution control IV : proceedings of the Fourth International Symposium (CAPoC4), Brussels, Belgium, April 9-11, 1997 /

Guardado en:
Autor Corporativo: CAPOC Brussels, Belgium)
Otros Autores: Kruse, N., (Editor , ed.), Frennet. A. 1930-, (Editor , ed.), Bastin, J. M., (Editor , ed.)
Formato: Libro
Idioma:English
Publicado: Amsterdam : Elsevier, 1998.
Series:Studies in surface science and catalysis ; vol. 116
Materias:
Acceso en línea:Descripción
Tabla de contenido
Etiquetas: Agregar Etiqueta
Sin Etiquetas, Sea el primero en etiquetar este registro!
LEADER 01431cam a22003255a 4500
001 EIQ.libpla000738
008 980428s1998####ne#ao####b####101#0#eng#d
005 20060504141647.0
245 1 0 |a Catalysis and automotive pollution control IV :  |b proceedings of the Fourth International Symposium (CAPoC4), Brussels, Belgium, April 9-11, 1997 /  |c editors, N. Kruse, A. Frennet, and J.-M. Bastin. 
260 |a Amsterdam :  |b Elsevier,  |c 1998. 
300 |a xviii, 699 p. :  |b il., fotos ;  |c 24 cm. 
440 0 |a Studies in surface science and catalysis ;  |v vol. 116 
504 |a Incluye referencias bibliográficas e índice. 
020 |a 0444827951 (alk. paper) 
111 2 |a CAPOC  |n (4th :  |d 1997 :  |c Brussels, Belgium) 
700 1 |a Kruse, N.,  |e ed.  |4 edt 
700 1 |a Frennet. A.  |q (Alfred),  |d 1930-,  |e ed.  |4 edt 
700 1 |a Bastin, J. M.,  |e ed.  |4 edt 
082 0 0 |a 629.25/28  |2 21 
650 4 |a Catálisis  |x Congresos. 
650 4 |a Automóviles  |x Gas de escape. 
650 4 |a Automóviles  |x Convertidores catalíticos. 
650 0 |a Catalysis  |x Congresses. 
650 4 |a Automobiles  |x Catalytic converters 
650 4 |a Automobiles  |x Exhaust gas 
010 |a  98022443  
040 |a DLC  |c DLC  |d AR-BbSID 
856 4 2 |3 Descripción  |u http://www.loc.gov/catdir/enhancements/fy0601/98022443-d.html 
856 4 1 |3 Tabla de contenido  |u http://www.loc.gov/catdir/enhancements/fy0601/98022443-t.html 
859 |a AR-BbSID  |b BIB. PLAPIQUI  |h 541.395  |i S 1  |p 4841